Statistiques concernant Les dates de sortie des jeux vidéos

Cliquez ici pour prendre le quiz!

Statistiques générales

  • Ce quiz a été pris 162 fois
  • Le résultat moyen est 17 sur 20

Statistiques - réponses

Jeux vidéosAnnée de sortie% Correct
GTA V2013
98%
Fifa 222021
94%
Pokémon Go2016
92%
Rocket League2015
91%
Fornite2017
91%
Among Us2018
91%
League of Legends2009
90%
Minecraft2011
90%
Clash Royale2016
89%
GTA San Andreas2004
87%
Wii Sports2006
87%
Clash of Clans2012
84%
Genshin Impact2020
82%
CSGO2012
79%
Red Dead Redemption (le 1er)2010
78%
Tetris1984
77%
GTA Vice City2002
77%
Call of Duty : Balck Ops I2010
76%
Mario Kart1992
74%
Mario Bros1983
72%

Distribution des résultats

Percentile par nombre de réponses

% des personnes avec chaque résultat

Votre développement - résultats

Vous n’avez pas pris ce quiz